Top Ranked JetPunkers - Statistics

General Stats
  • This quiz has been taken 5 times
  • The average score is 6 of 27
Answer Stats
Hint Answer % Correct
2 Stewart
100%
5 Jerry928
75%
6 Gamer1162
50%
17 kalbahamut
50%
1 relessness
50%
4 scambigol
50%
21 HinesBrothers
25%
7 KoljiVriVoda
25%
26 Kvkq
25%
19 miki2003
25%
24 nichster
25%
3 Quizzer6794
25%
20 scambiandJerry
25%
10 WolfCam
25%
11 Aaron197
0%
25 alberici
0%
18 CBTemple
0%
8 Gassu
0%
22 Geoguy
0%
14 Jiaozira
0%
27 jpedrocm
0%
9 kiwirage
0%
12 LBA
0%
13 SaturnPL
0%
15 skukka
0%
23 ThirdParty
0%
16 Vicky
0%
No matching quizzes found
Score Distribution
Percent of People with Each Score
Percentile by Number Answered
Your Score History
You have not taken this quiz